000
00309nam a2200109Ia 4500
008
201217s9999 xx 000 0 und d
100
_a
Keshkamat, V. V.
245
0
_a
Foreign Exchange and Exchange Control : A Handbook For Banking Students
260
_a
Bombay
_b
Vivek Publications
300
_a
420
942
_c
BK
999
_c
7553
_d
7553